000 00446nam a2200181Ia 4500
003 GCL
008 140319s9999 xx 000 0 eng d
040 _aGCL /
_cGCL
082 0 4 _a952
_bH T
100 1 _aHOIKUSHA PUBLISHING CO.,
245 1 0 _aTOKYO NIKKO, FUJI /
_cHOIKUSHA PUBLISHING CO.,
260 _a[S.N] :
_bHOIKUSHA ،
_c1990
300 _a122 P
650 0 4 _aJAPAN
650 0 4 _aTOKYO
650 0 4 _aCITIES, JAPAN
942 _2ddc
_cBK
999 _c19656
_d19656